000 01107nam0a22002771 4500
001 rc\3557210
005 20250610072142.0
021 _aRU
_b[76-30203]
035 _a(NLR Aleph) 007795658
090 _a7666636
_c7666636
100 _a20130115d1976 |||y0rusy50 ca
101 0 _arus
102 _aRU
105 _ay z |||||
200 1 _aУскорение технического развития производства
_fВ.Л. Квинт, канд. экон. наук
210 _aМосква
_cЗнание
_d1976
215 _a64 с.
_d20
225 1 _aНовое в жизни, науке, технике
_iСерия "Промышленность"
_v4
320 _aСписок лит.: с. 63 (10 назв.)
606 _aПромышленные предприятия
_xВнедрение передовой технологии и техники
_2psbo
700 1 _7ca
_8rus
_aКвинт
_bВ. Л.
_f1949-
_gВладимир Львович
_9255497
_3RU\NLR\AUTH\770255553
801 0 _aRU
_bNLR
_gpsbo
801 1 _aRU
_bELAR
_2rusmarc
852 _aNLR
_j76-4/23004
942 _cBOOK
980 _aNB